Welcome to WEB OPAC of MRSPTU Central Library

Refereed Journal of Council of Architecture - Housing (Record no. 6858)

MARC details
000 -LEADER
fixed length control field 00376nam a2200145Ia 4500
008 - FIXED-LENGTH DATA ELEMENTS--GENERAL INFORMATION
fixed length control field 230711s9999||||xx |||||||||||||| ||und||
041 ## - LANGUAGE CODE
Language code of text/sound track or separate title ENG
082 ## - DEWEY DECIMAL CLASSIFICATION NUMBER
Classification number 720
Item number GA-R
100 ## - MAIN ENTRY--PERSONAL NAME
Personal name Vijay Garg
245 #0 - TITLE STATEMENT
Title Refereed Journal of Council of Architecture - Housing
260 ## - PUBLICATION, DISTRIBUTION, ETC.
Date of publication, distribution, etc. 2014
Place of publication, distribution, etc. New Delhi
Name of publisher, distributor, etc. Council of Architecture
300 ## - PHYSICAL DESCRIPTION
Extent 100p.
650 ## - SUBJECT ADDED ENTRY--TOPICAL TERM
Topical term or geographic name entry element Architecture
942 ## - ADDED ENTRY ELEMENTS (KOHA)
Koha item type Book
Holdings
Withdrawn status Lost status Damaged status Not for loan Collection Home library Current library Date acquired Source of acquisition Cost, normal purchase price Inventory number Total checkouts Full call number Barcode Date last seen Price effective from Koha item type
          MRSPTU Central Library MRSPTU Central Library   Council of Architecture 850.00 285/2019/ArchBooks43531   720 GA-R 40638 08/17/2023 08/17/2023 Book
          MRSPTU Central Library MRSPTU Central Library   Council of Architecture 850.00 285/2019/ArchBooks43531   720 GA-R 40639 08/17/2023 08/17/2023 Book

Website Designed and Developed by MRSPTU Central Library Team

E-mail Id: librarian@mrsptu.ac.in